Applications in basic marketing / (Record no. 344416)

000 -LEADER
fixed length control field 00815 a2200217 4500
020 ## - INTERNATIONAL STANDARD BOOK NUMBER
International Standard Book Number 0071158413
020 ## - INTERNATIONAL STANDARD BOOK NUMBER
International Standard Book Number 9780071158411
090 ## - LOCALLY ASSIGNED LC-TYPE CALL NUMBER (OCLC); LOCAL CALL NUMBER (RLIN)
-- 1906
-- 1906
100 1# - MAIN ENTRY--PERSONAL NAME
Personal name Perreautl, Jr. and E. Jerome McCarthy William D.
245 10 - TITLE STATEMENT
Title Applications in basic marketing /
Statement of responsibility, etc. Jr. and E. Jerome McCarthy William D. Perreautl.
250 ## - EDITION STATEMENT
Edition statement International Ed ed.
260 ## - PUBLICATION, DISTRIBUTION, ETC.
Place of publication, distribution, etc. [S.l.] :
Name of publisher, distributor, etc. Irwin McGRAW-HILL,
Date of publication, distribution, etc. 1998.
300 ## - PHYSICAL DESCRIPTION
Extent 192 p.
490 1# - SERIES STATEMENT
Series statement Clippings from the popular business press.
500 ## - GENERAL NOTE
General note Import.
500 ## - GENERAL NOTE
General note Paperback.
830 #0 - SERIES ADDED ENTRY--UNIFORM TITLE
Uniform title Clippings from the popular business press.
856 40 - ELECTRONIC LOCATION AND ACCESS
Materials specified Amazon.com
Uniform Resource Identifier <a href="http://www.amazon.com/exec/obidos/ASIN/0071158413/chopaconline-20">http://www.amazon.com/exec/obidos/ASIN/0071158413/chopaconline-20</a>
856 40 - ELECTRONIC LOCATION AND ACCESS
Materials specified Amazon customer reviews
Uniform Resource Identifier <a href="http://www.chopac.org/cgi-bin/tools/azrev.pl?q=0071158413">http://www.chopac.org/cgi-bin/tools/azrev.pl?q=0071158413</a>
942 ## - ADDED ENTRY ELEMENTS (KOHA)
Institution code [OBSOLETE] NBS
Koha item type Book
Call number prefix 658.8 PER
Holdings
Withdrawn status Lost status Damaged status Not for loan Permanent Location Current Location Date acquired Total Checkouts Full call number Barcode Date last seen Price effective from Koha item type
        Central Library (CL) Central Library (CL) 08/28/2013   658.8 PER NBS636 08/28/2013 08/28/2013 Book
© 2023 Central Library, National University of Sciences and Technology. All Rights Reserved.